000 00384nam a2200157Ia 4500
003 LDD
008 181029s9999 xx 000 0 und d
020 _a306309106
040 _cLDD
100 _aECKERTOVA, Ludmila
245 0 _aPhysics of thin films
_cLudmila ECKERTOVA
260 _aNew York
_bPlenum press
_c1977
300 _a254p
901 _a314
_b12-03-1996
942 _2ddc
_cBK
999 _c29978
_d29978